<?xml version="1.0" encoding="UTF-8"?>
<record
    xmlns:xsi="http://www.w3.org/2001/XMLSchema-instance"
    xsi:schemaLocation="http://www.loc.gov/MARC21/slim http://www.loc.gov/standards/marcxml/schema/MARC21slim.xsd"
    xmlns="http://www.loc.gov/MARC21/slim">

  <leader>01083nam a2200325 a 4500</leader>
  <controlfield tag="005">20240806105435.0</controlfield>
  <controlfield tag="008">100706e2014||||sp a   f |||| 00| 0 spa d</controlfield>
  <datafield tag="020" ind1=" " ind2=" ">
    <subfield code="a">9789871981311</subfield>
  </datafield>
  <datafield tag="041" ind1=" " ind2=" ">
    <subfield code="a">spa</subfield>
  </datafield>
  <datafield tag="092" ind1=" " ind2=" ">
    <subfield code="c">616.075</subfield>
    <subfield code="l">55</subfield>
    <subfield code="s">NET</subfield>
  </datafield>
  <datafield tag="245" ind1=" " ind2=" ">
    <subfield code="a">Netter.</subfield>
    <subfield code="b">Introducci&#xF3;n al Diagn&#xF3;stico por Im&#xE1;genes /</subfield>
    <subfield code="c">Larry R. Cochard</subfield>
  </datafield>
  <datafield tag="250" ind1=" " ind2=" ">
    <subfield code="a">1a ed.</subfield>
  </datafield>
  <datafield tag="260" ind1="3" ind2=" ">
    <subfield code="a">Buenos Aires: </subfield>
    <subfield code="b">Journal;</subfield>
    <subfield code="c">2014.</subfield>
  </datafield>
  <datafield tag="300" ind1=" " ind2=" ">
    <subfield code="a">280 p.</subfield>
    <subfield code="c">21x28 cm.</subfield>
  </datafield>
  <datafield tag="500" ind1=" " ind2=" ">
    <subfield code="a">Cochard, L. R. et al. (2014). Netter. Introducci&#xF3;n al diagn&#xF3;stico por im&#xE1;genes. (1a ed.). Buenos Aires : Journal.</subfield>
  </datafield>
  <datafield tag="653" ind1=" " ind2=" ">
    <subfield code="a">Introducci&#xF3;n a las t&#xE9;cnicas de Diagn&#xF3;stico por im&#xE1;genes</subfield>
  </datafield>
  <datafield tag="653" ind1=" " ind2=" ">
    <subfield code="a">Columna vertebral y m&#xE9;dula espinal</subfield>
  </datafield>
  <datafield tag="653" ind1=" " ind2=" ">
    <subfield code="a">T&#xF3;rax</subfield>
  </datafield>
  <datafield tag="653" ind1=" " ind2=" ">
    <subfield code="a">Abdomen</subfield>
  </datafield>
  <datafield tag="653" ind1=" " ind2=" ">
    <subfield code="a">Pelvis y perineo</subfield>
  </datafield>
  <datafield tag="653" ind1=" " ind2=" ">
    <subfield code="a">Miembros superiores</subfield>
  </datafield>
  <datafield tag="653" ind1=" " ind2=" ">
    <subfield code="a">Miembros inferiores</subfield>
  </datafield>
  <datafield tag="653" ind1=" " ind2=" ">
    <subfield code="a">Cabeza y cuello</subfield>
  </datafield>
  <datafield tag="700" ind1="1" ind2=" ">
    <subfield code="a">Cochard, Larry R.</subfield>
    <subfield code="9">4091</subfield>
  </datafield>
  <datafield tag="700" ind1="1" ind2=" ">
    <subfield code="a">Goodhartz, Lori A.</subfield>
    <subfield code="9">4092</subfield>
  </datafield>
  <datafield tag="700" ind1="1" ind2=" ">
    <subfield code="a">Harmath, Carla B.</subfield>
    <subfield code="9">4093</subfield>
  </datafield>
  <datafield tag="700" ind1="1" ind2=" ">
    <subfield code="a">Major, Nancy M.</subfield>
    <subfield code="9">4094</subfield>
  </datafield>
  <datafield tag="700" ind1="1" ind2=" ">
    <subfield code="a">Mukundan, Srinivasan</subfield>
    <subfield code="9">4095</subfield>
  </datafield>
  <datafield tag="942" ind1=" " ind2=" ">
    <subfield code="2">ddc</subfield>
    <subfield code="c">BK</subfield>
  </datafield>
  <datafield tag="999" ind1=" " ind2=" ">
    <subfield code="c">3050</subfield>
    <subfield code="d">3050</subfield>
  </datafield>
  <datafield tag="952" ind1=" " ind2=" ">
    <subfield code="0">0</subfield>
    <subfield code="1">0</subfield>
    <subfield code="2">ddc</subfield>
    <subfield code="4">0</subfield>
    <subfield code="7">0</subfield>
    <subfield code="8">REF</subfield>
    <subfield code="a">BFM</subfield>
    <subfield code="b">BFM</subfield>
    <subfield code="c">REF</subfield>
    <subfield code="d">2019-11-14</subfield>
    <subfield code="e">Compra Facimed. Dic. 2021</subfield>
    <subfield code="l">25</subfield>
    <subfield code="o">616.075 55 NET</subfield>
    <subfield code="p">4596</subfield>
    <subfield code="r">2025-04-21</subfield>
    <subfield code="s">2025-04-16</subfield>
    <subfield code="t">Ej.1</subfield>
    <subfield code="w">2019-11-14</subfield>
    <subfield code="y">REF</subfield>
    <subfield code="z">Libro de Consulta. Compra Facimed. Diciembre 2021.</subfield>
    <subfield code="f"></subfield>
  </datafield>
  <datafield tag="952" ind1=" " ind2=" ">
    <subfield code="0">0</subfield>
    <subfield code="1">0</subfield>
    <subfield code="2">ddc</subfield>
    <subfield code="4">0</subfield>
    <subfield code="7">0</subfield>
    <subfield code="a">BFM</subfield>
    <subfield code="b">BFM</subfield>
    <subfield code="c">CR</subfield>
    <subfield code="d">2022-02-17</subfield>
    <subfield code="e">Compra Facimed, Diciembre 2021</subfield>
    <subfield code="g">2050.00</subfield>
    <subfield code="l">68</subfield>
    <subfield code="m">12</subfield>
    <subfield code="o">616.075 55 NET</subfield>
    <subfield code="p">4694</subfield>
    <subfield code="r">2026-04-16</subfield>
    <subfield code="s">2026-04-10</subfield>
    <subfield code="t">Ej.2</subfield>
    <subfield code="w">2022-02-17</subfield>
    <subfield code="y">BK</subfield>
    <subfield code="z">Compra Facimed, Diciembre 2021</subfield>
    <subfield code="f"></subfield>
  </datafield>
  <datafield tag="952" ind1=" " ind2=" ">
    <subfield code="0">0</subfield>
    <subfield code="1">0</subfield>
    <subfield code="2">ddc</subfield>
    <subfield code="4">0</subfield>
    <subfield code="7">0</subfield>
    <subfield code="a">BFM</subfield>
    <subfield code="b">BFM</subfield>
    <subfield code="c">CR</subfield>
    <subfield code="d">2022-02-17</subfield>
    <subfield code="e">Compra Facimed, Diciembre 2021</subfield>
    <subfield code="g">2050.00</subfield>
    <subfield code="l">69</subfield>
    <subfield code="m">9</subfield>
    <subfield code="o">616.075 55 NET</subfield>
    <subfield code="p">4695</subfield>
    <subfield code="q">2026-06-05</subfield>
    <subfield code="r">2026-05-21</subfield>
    <subfield code="s">2026-05-21</subfield>
    <subfield code="t">Ej.3</subfield>
    <subfield code="w">2022-02-17</subfield>
    <subfield code="y">BK</subfield>
    <subfield code="z">Compra Facimed, Diciembre 2021</subfield>
    <subfield code="f"></subfield>
  </datafield>
  <datafield tag="952" ind1=" " ind2=" ">
    <subfield code="0">0</subfield>
    <subfield code="1">0</subfield>
    <subfield code="2">ddc</subfield>
    <subfield code="4">0</subfield>
    <subfield code="7">0</subfield>
    <subfield code="a">BFM</subfield>
    <subfield code="b">BFM</subfield>
    <subfield code="c">CR</subfield>
    <subfield code="d">2022-02-17</subfield>
    <subfield code="e">Compra Facimed, Diciembre 2021</subfield>
    <subfield code="g">2050.00</subfield>
    <subfield code="l">68</subfield>
    <subfield code="m">16</subfield>
    <subfield code="o">616.075 55 NET</subfield>
    <subfield code="p">4696</subfield>
    <subfield code="r">2026-05-22</subfield>
    <subfield code="s">2026-05-19</subfield>
    <subfield code="t">Ej.4</subfield>
    <subfield code="w">2022-02-17</subfield>
    <subfield code="y">BK</subfield>
    <subfield code="z">Compra Facimed, Diciembre 2021</subfield>
    <subfield code="f"></subfield>
  </datafield>
  <datafield tag="952" ind1=" " ind2=" ">
    <subfield code="0">0</subfield>
    <subfield code="1">0</subfield>
    <subfield code="2">ddc</subfield>
    <subfield code="4">0</subfield>
    <subfield code="7">0</subfield>
    <subfield code="a">BFM</subfield>
    <subfield code="b">BFM</subfield>
    <subfield code="c">CR</subfield>
    <subfield code="d">2022-02-17</subfield>
    <subfield code="e">Compra Facimed, Diciembre 2021</subfield>
    <subfield code="g">2050.00</subfield>
    <subfield code="l">74</subfield>
    <subfield code="m">12</subfield>
    <subfield code="o">616.075 55 NET</subfield>
    <subfield code="p">4697</subfield>
    <subfield code="q">2026-06-05</subfield>
    <subfield code="r">2026-05-19</subfield>
    <subfield code="s">2026-05-19</subfield>
    <subfield code="t">Ej.5</subfield>
    <subfield code="w">2022-02-17</subfield>
    <subfield code="y">BK</subfield>
    <subfield code="z">Compra Facimed, Diciembre 2021</subfield>
    <subfield code="f"></subfield>
  </datafield>
  <datafield tag="952" ind1=" " ind2=" ">
    <subfield code="0">0</subfield>
    <subfield code="1">0</subfield>
    <subfield code="2">ddc</subfield>
    <subfield code="4">0</subfield>
    <subfield code="7">0</subfield>
    <subfield code="a">BFM</subfield>
    <subfield code="b">BFM</subfield>
    <subfield code="c">CR</subfield>
    <subfield code="d">2022-11-01</subfield>
    <subfield code="e">Donaci&#xF3;n Profesor Nahuel Tadeo P&#xE9;rez, 01 Noviembre 2022</subfield>
    <subfield code="l">61</subfield>
    <subfield code="m">7</subfield>
    <subfield code="o">616.075 55 NET</subfield>
    <subfield code="p">4802</subfield>
    <subfield code="r">2026-04-16</subfield>
    <subfield code="s">2026-04-10</subfield>
    <subfield code="t">Ej.6</subfield>
    <subfield code="w">2022-11-01</subfield>
    <subfield code="y">BK</subfield>
    <subfield code="z">Donaci&#xF3;n Profesor Nahuel Tadeo P&#xE9;rez, 01 Noviembre 2022</subfield>
    <subfield code="f"></subfield>
  </datafield>
</record>
